000 00350nam a2200133Ia 4500
008 240624s9999 xx 000 0 und d
041 _aeng
082 _a306.20973 STE
100 _aSTEIN MARK
245 _aAMERICAN PANIC A HISTORY OF WHO SCARES U
260 _c2014
_aNew York
_bPalgrave Macmillan
300 _axi, 275 p.; 24 cm.
365 _c
_b38
999 _c28985
_d28985